000 00749cab a2200253 4500
001 ABS58017
008 090401t1997 xxu||||| |||| 00| 0 eng d
035 _a(Sirsi) u82677
041 _aeng
100 _aReynolds, P.
245 _aLean and clean
260 _c1997
350 _a0
490 _aContract Journal
_v391(6155) 10 December 1997, 14-15(2)
520 _aShows how powerful construction clients are bonding together to force the industry to provide simple and more streamlined services.
650 _aCONSTRUCTION CLIENTS
650 _aCONSTRUCTION INDUSTRY
650 _aPROCUREMENT PROCEDURES
650 _aPRODUCTIVITY
650 _aSTREAMLINING
690 _aBUILT ENVIRONMENT
942 _n0
948 _c15/12/1997
999 _c52216
_d52216